| 000 | 00668nam a2200217 u 4500 | ||
|---|---|---|---|
| 005 | 20230608064040.0 | ||
| 008 | 131128s2005 mx r 000 0 spa d | ||
| 020 | _a9686624872 | ||
| 035 | _aUPN01000194298 | ||
| 049 | _aCG | ||
| 050 | 4 |
_aQ173 _bC6.4 |
|
| 100 | 1 |
_aCortés Cortés, Manuel E. _934733 |
|
| 245 | 1 | 0 |
_aGeneralidades sobre metedología de la investigación / _cManuel E. Cortés Cortés, Miriam Iglesias León. |
| 260 |
_aMéxico : _bUAC, _c2005. |
||
| 300 |
_a104 p. : _bcuadros |
||
| 440 | 0 |
_aMaterial didáctico ; _v14 |
|
| 650 | 4 |
_aCiencia _xMetodología _95804 |
|
| 700 | 1 |
_aIglesias León, Miriam, _ecoaut. |
|
| 905 | _aLibro | ||
| 999 |
_c166399 _d166399 |
||